<?xml version="1.0" encoding="UTF-8"?>
<record
    xmlns:xsi="http://www.w3.org/2001/XMLSchema-instance"
    xsi:schemaLocation="http://www.loc.gov/MARC21/slim http://www.loc.gov/standards/marcxml/schema/MARC21slim.xsd"
    xmlns="http://www.loc.gov/MARC21/slim">

  <leader>01908na  a2200409   4500</leader>
  <datafield tag="952" ind1=" " ind2=" ">
    <subfield code="a">0001</subfield>
    <subfield code="b">0001</subfield>
    <subfield code="d">2016-12-26</subfield>
    <subfield code="e">2</subfield>
    <subfield code="l">0</subfield>
    <subfield code="o">BRO&#x15E;&#xDC;R 137</subfield>
    <subfield code="p">011272</subfield>
    <subfield code="r">2016-12-26 00:00:00</subfield>
    <subfield code="w">2016-12-26</subfield>
    <subfield code="y">VIS</subfield>
  </datafield>
  <datafield tag="999" ind1=" " ind2=" ">
    <subfield code="c">7270</subfield>
    <subfield code="d">7270</subfield>
  </datafield>
  <controlfield tag="001">19755</controlfield>
  <controlfield tag="003">MIRAKIL</controlfield>
  <controlfield tag="005">20210407115826.0</controlfield>
  <controlfield tag="008">161226b        tu            000 0      </controlfield>
  <datafield tag="035" ind1=" " ind2=" ">
    <subfield code="a">19755</subfield>
  </datafield>
  <datafield tag="040" ind1=" " ind2=" ">
    <subfield code="a">TR-AnCHP</subfield>
    <subfield code="b">tur</subfield>
    <subfield code="c">TR-AnCHP</subfield>
  </datafield>
  <datafield tag="041" ind1=" " ind2=" ">
    <subfield code="a">tur</subfield>
  </datafield>
  <datafield tag="082" ind1=" " ind2=" ">
    <subfield code="a">CHP 324.2372</subfield>
    <subfield code="b">K44s 2011</subfield>
  </datafield>
  <datafield tag="090" ind1=" " ind2=" ">
    <subfield code="a">BRO&#x15E;&#xDC;R 137</subfield>
  </datafield>
  <datafield tag="100" ind1=" " ind2=" ">
    <subfield code="a">K&#x131;l&#x131;&#xE7;daro&#x11F;lu, Kemal</subfield>
    <subfield code="c">CHP Genel Ba&#x15F;kan&#x131;</subfield>
  </datafield>
  <datafield tag="240" ind1=" " ind2=" ">
    <subfield code="a">S&#xF6;z veriyoruz</subfield>
    <subfield code="f">2011</subfield>
  </datafield>
  <datafield tag="245" ind1=" " ind2=" ">
    <subfield code="a">S&#xF6;z veriyoruz</subfield>
    <subfield code="b">Biz ... sosyal devlet .... ger&#xE7;ekle&#x15F;tirmeyi s&#xF6;z veriyoruz</subfield>
    <subfield code="c">[Kemal K&#x131;l&#x131;&#xE7;daro&#x11F;lu]</subfield>
  </datafield>
  <datafield tag="246" ind1=" " ind2=" ">
    <subfield code="a">Biz sosyal devlet s&#xF6;z&#xFC; veriyoruz</subfield>
  </datafield>
  <datafield tag="260" ind1=" " ind2=" ">
    <subfield code="a">Ankara</subfield>
    <subfield code="b">CHP</subfield>
    <subfield code="c">2011</subfield>
  </datafield>
  <datafield tag="300" ind1=" " ind2=" ">
    <subfield code="a">ktl. bro&#x15F;&#xFC;r</subfield>
    <subfield code="b">rnkl. fotg.</subfield>
    <subfield code="c">20 sm.</subfield>
  </datafield>
  <datafield tag="440" ind1=" " ind2=" ">
    <subfield code="a">Cumhuriyet Halk Partisi yay&#x131;nlar&#x131;</subfield>
    <subfield code="p">S&#xF6;z veriyoruz dizisi</subfield>
  </datafield>
  <datafield tag="500" ind1=" " ind2=" ">
    <subfield code="a">Ba&#x15F;ka yap&#x131;t ad&#x131;: CHP iktidar&#x131; i&#xE7;in, el ele ve g&#xFC;venle, yar&#x131;n&#x131;n g&#xFC;zel g&#xFC;nlerine</subfield>
  </datafield>
  <datafield tag="600" ind1=" " ind2=" ">
    <subfield code="a">K&#x131;l&#x131;&#xE7;daro&#x11F;lu, Kemal</subfield>
    <subfield code="c">CHP Genel Ba&#x15F;kan&#x131;</subfield>
    <subfield code="x">Se&#xE7;im kampanyalar&#x131;, 2011</subfield>
    <subfield code="y">Sosyal devlet</subfield>
  </datafield>
  <datafield tag="600" ind1=" " ind2=" ">
    <subfield code="a">K&#x131;l&#x131;&#xE7;daro&#x11F;lu, Kemal</subfield>
    <subfield code="x">Propaganda ve ideolojiler</subfield>
    <subfield code="y">Sosyal haklar</subfield>
  </datafield>
  <datafield tag="610" ind1=" " ind2=" ">
    <subfield code="a">CHP</subfield>
    <subfield code="x">Propaganda ve ideolojiler</subfield>
    <subfield code="y">K&#x131;l&#x131;&#xE7;daro&#x11F;lu d&#xF6;nemi</subfield>
    <subfield code="y">Genel se&#xE7;imler, 2011</subfield>
  </datafield>
  <datafield tag="610" ind1=" " ind2=" ">
    <subfield code="a">CHP</subfield>
    <subfield code="x">Se&#xE7;im kampanyalar&#x131;, 2011</subfield>
    <subfield code="y">F&#x131;rsat e&#x15F;itli&#x11F;i</subfield>
  </datafield>
  <datafield tag="610" ind1=" " ind2=" ">
    <subfield code="a">CHP</subfield>
    <subfield code="x">Adalet sorunu</subfield>
    <subfield code="y">&#xC7;&#xF6;z&#xFC;m &#xF6;nerileri</subfield>
  </datafield>
  <datafield tag="651" ind1=" " ind2=" ">
    <subfield code="a">T&#xFC;rkiye</subfield>
    <subfield code="x">Siyaset ve y&#xF6;netim</subfield>
    <subfield code="y">2011-</subfield>
  </datafield>
  <datafield tag="740" ind1=" " ind2=" ">
    <subfield code="a">Biz T&#xFC;rkiye'yi sadaka da&#x11F;&#x131;tan bir devlet olmaktan &#xE7;&#x131;kar&#x131;p, insan onuruna sayg&#x131;l&#x131;, g&#xFC;&#xE7;l&#xFC; bir sosyal devlet haline getirmeyi, b&#xF6;ylece a&#xE7;l&#x131;k,yoksulluk ve e&#x15F;itsizliklerle m&#xFC;cadele etmeyi ve T&#xFC;rkiye'de f&#x131;rsat e&#x15F;itli&#x11F;ini ger&#xE7;ekle&#x15F;tirmeyi s&#xF6;z veriyoruz</subfield>
  </datafield>
  <datafield tag="740" ind1=" " ind2=" ">
    <subfield code="a">Biz sosyal devlet s&#xF6;z&#xFC; veriyoruz</subfield>
  </datafield>
  <datafield tag="830" ind1=" " ind2=" ">
    <subfield code="a">CHP bro&#x15F;&#xFC;rleri</subfield>
  </datafield>
  <datafield tag="830" ind1=" " ind2=" ">
    <subfield code="a">S&#xF6;z veriyoruz dizisi</subfield>
  </datafield>
  <datafield tag="942" ind1=" " ind2=" ">
    <subfield code="c">BKS</subfield>
  </datafield>
  <datafield tag="999" ind1=" " ind2=" ">
    <subfield code="d">7270</subfield>
  </datafield>
</record>
